[Event "ChessOrg Schachfestival 2025"]
[Site "Bad Woerishofen Senioren-Open"]
[Date "2025.03.21"]
[Round "1.28"]
[White "Zoernpfenning, Siegfried"]
[Black "Ebner, Hermann"]
[Result "1-0"]
[Annotator "wempe"]
[WhiteElo "2048"]
[BlackElo "1846"]
[PlyCount "87"]
[GameId "2232473410831232"]
[EventDate "2025.03.21"]

1. d4 Nf6 2. Bf4 d5 3. e3 Bf5 4. c4 e6 5. Nc3 c6 6. Qb3 Qb6 7. c5 Qxb3 8. axb3 Nbd7 9. b4 Be7 10. Nf3 O-O 11. b5 Ne4 12. Be2 g5 13. g4 Bg6 14. Bg3 f6 15. Nd2 Nxd2 16. Kxd2 e5 17. b4 exd4 18. exd4 f5 19. gxf5 Bxf5 20. bxc6 bxc6 21. Ra4 Nf6 22. Rha1 Ne4+ 23. Nxe4 Bxe4 24. Rxa7 Rxa7 25. Rxa7 Bf6 26. Kc3 Bg6 27. b5 cxb5 28. Bxb5 Rc8 29. Bd6 Bf5 30. Bd7 Bxd7 31. Rxd7 Bg7 32. Kd3 h5 33. Be7 g4 34. Rxd5 Kf7 35. Bh4 Kg6 36. Rd7 Bf8 37. Ke4 Bxc5 38. dxc5 Rxc5 39. Rd6+ Kh7 40. Rd5 Rc4+ 41. Kf5 Rc3 42. Rd7+ Kg8 43. Kg6 Rc6+ 44. Bf6 1-0

[Event "ChessOrg Schachfestival 2025"]
[Site "Bad Woerishofen Senioren-Open"]
[Date "2025.03.21"]
[Round "1.29"]
[White "Cerpnjak, Mirko"]
[Black "Zuehlke, Burkhard"]
[Result "1/2-1/2"]
[Annotator "wempe"]
[WhiteElo "1836"]
[BlackElo "2048"]
[PlyCount "66"]
[GameId "2232473858716554"]
[EventDate "2025.03.21"]

1. d4 Nf6 2. Nf3 g6 3. c4 Bg7 4. Nc3 d6 5. e4 O-O 6. Be2 e5 7. d5 a5 8. h3 Na6 9. Bg5 h6 10. Bh4 Qe8 11. g4 Bd7 12. Qd2 Nh7 13. Rg1 Kh8 14. O-O-O a4 15. Ne1 Nc5 16. Kb1 f5 17. f3 b6 18. Nd3 f4 19. Nxc5 bxc5 20. Nb5 Qb8 21. Rc1 Qb6 22. Rc3 Bf6 23. Bf2 Be7 24. Ra3 Ng5 25. Rh1 Ra6 26. Ka1 Rb8 27. h4 Nf7 28. Rb1 Rba8 29. Qc2 Nd8 30. Rc1 Qb8 31. Rh1 Nb7 32. Be1 c6 33. Nc3 Nd8 1/2-1/2

[Event "ChessOrg Schachfestival 2025"]
[Site "Bad Woerishofen Senioren-Open"]
[Date "2025.03.21"]
[Round "1.30"]
[White "Toenniges, Thomas"]
[Black "Vonach, Bernhard"]
[Result "1-0"]
[Annotator "wempe"]
[WhiteElo "2047"]
[BlackElo "1836"]
[PlyCount "93"]
[GameId "2232474682798996"]
[EventDate "2025.03.21"]

1. e4 e5 2. Bc4 Nf6 3. d4 exd4 4. Nf3 d5 5. exd5 Qe7+ 6. Be2 Nxd5 7. O-O Nc6 8. Bc4 Be6 9. Re1 O-O-O 10. Nxd4 Nxd4 11. Qxd4 Qc5 12. Qe4 Kb8 13. Bg5 Nf6 14. Bxf6 gxf6 15. Bxe6 fxe6 16. Nc3 Bd6 17. Qxe6 Be5 18. Ne4 Qd5 19. Qxd5 Rxd5 20. c3 Rhd8 21. g3 f5 22. Ng5 Bh8 23. Nf7 Rg8 24. Rad1 Rxd1 25. Rxd1 b5 26. Rd5 a6 27. Rxf5 Kb7 28. Rh5 b4 29. Nxh8 bxc3 30. bxc3 Rxh8 31. Kg2 Kb6 32. c4 Rd8 33. Rxh7 Rd2 34. a4 Ra2 35. c5+ Kb7 36. h4 Rxa4 37. h5 Rc4 38. Rf7 Rxc5 39. g4 Rg5 40. Kg3 Kb6 41. h6 Rg8 42. h7 Rh8 43. g5 a5 44. g6 a4 45. g7 Rxh7 46. Rf6+ c6 47. g8=Q 1-0

[Event "ChessOrg Schachfestival 2025"]
[Site "Bad Woerishofen Senioren-Open"]
[Date "2025.03.21"]
[Round "1.31"]
[White "Storkebaum, Ulrike"]
[Black "Remensberger, Paul"]
[Result "0-1"]
[Annotator "wempe"]
[WhiteElo "1835"]
[BlackElo "2038"]
[PlyCount "84"]
[GameId "2232475701232542"]
[EventDate "2025.03.21"]

1. e4 e6 2. d4 d5 3. exd5 exd5 4. Nf3 Nc6 5. Bd3 Bd6 6. O-O Nge7 7. Re1 Bg4 8. c3 Qd7 9. Nbd2 O-O 10. Qc2 Bf5 11. b4 Bxd3 12. Qxd3 Ng6 13. Nf1 Nce7 14. Ng3 c6 15. Ne5 Qc7 16. Nf3 Rfe8 17. Bd2 Rad8 18. a4 Nc8 19. Nf5 Qd7 20. Nxd6 Nxd6 21. Ne5 Qf5 22. Qxf5 Nxf5 23. Nxg6 hxg6 24. Bf4 f6 25. Kf1 g5 26. Bd2 Nd6 27. f3 Nc4 28. Bc1 Kf7 29. Ra2 Rxe1+ 30. Kxe1 Re8+ 31. Kf2 Kg6 32. h3 f5 33. f4 g4 34. hxg4 fxg4 35. g3 Kf5 36. Bd2 Rh8 37. Kg2 Ke4 38. Be1 Kd3 39. Rf2 Re8 40. Rf1 Ne3+ 41. Kf2 Nxf1 42. Kxf1 Rxe1+ 0-1

[Event "ChessOrg Schachfestival 2025"]
[Site "Bad Woerishofen Senioren-Open"]
[Date "2025.03.21"]
[Round "1.32"]
[White "Kretschel, Klaus"]
[Black "Eschle, Hubert"]
[Result "1-0"]
[Annotator "wempe"]
[WhiteElo "2036"]
[BlackElo "1832"]
[PlyCount "45"]
[GameId "2236523931775008"]
[EventDate "2025.03.21"]

1. e4 e5 2. Nf3 Nc6 3. Bc4 Bc5 4. b4 Be7 5. b5 Na5 6. Nxe5 Nxc4 7. Nxc4 d5 8. exd5 Qxd5 9. Ne3 Qxb5 10. Nc3 Qc6 11. Bb2 Nf6 12. O-O O-O 13. d4 Rd8 14. d5 Qe8 15. Qf3 Bd7 16. Rfe1 Qf8 17. Nf5 Bc5 18. Nxg7 Bd4 19. Nf5 Bxf5 20. Qxf5 Qg7 21. Rad1 Ng4 22. Rxd4 Qxd4 23. Re4 1-0

[Event "ChessOrg Schachfestival 2025"]
[Site "Bad Woerishofen Senioren-Open"]
[Date "2025.03.21"]
[Round "1.33"]
[White "Haase, Georg"]
[Black "Bruchmann, Norbert"]
[Result "0-1"]
[Annotator "wempe"]
[WhiteElo "1831"]
[BlackElo "2034"]
[PlyCount "42"]
[GameId "2236524634902590"]
[EventDate "2025.03.21"]

1. e4 e6 2. d4 d5 3. e5 c5 4. c3 Nc6 5. Nf3 Nh6 6. a3 f6 7. Bxh6 gxh6 8. exf6 Qxf6 9. Bd3 cxd4 10. cxd4 Bg7 11. Nc3 O-O 12. Qc2 Nxd4 13. Nxd4 Qxd4 14. O-O Bd7 15. Rad1 Qb6 16. Qd2 Rf7 17. Bb1 Raf8 18. Qd3 Be5 19. Rd2 Bb8 20. Qh3 Rg7 21. Qxh6 Bf4 0-1

[Event "ChessOrg Schachfestival 2025"]
[Site "Bad Woerishofen Senioren-Open"]
[Date "2025.03.21"]
[Round "1.34"]
[White "Remensberger, Hansuli"]
[Black "Dittmar, Michael"]
[Result "1-0"]
[Annotator "wempe"]
[WhiteElo "2034"]
[BlackElo "1828"]
[PlyCount "81"]
[GameId "2236525412151367"]
[EventDate "2025.03.21"]

1. c4 e6 2. Nf3 f5 3. g3 d5 4. Bg2 Nf6 5. O-O c6 6. b3 Bd6 7. Ba3 O-O 8. Bxd6 Qxd6 9. d4 Bd7 10. Nc3 Be8 11. Rc1 Nbd7 12. Qd3 Bh5 13. cxd5 Nxd5 14. e3 Qe7 15. Ne5 Nxc3 16. Qxc3 Nb6 17. Qc5 Rfe8 18. a4 Nd7 19. Qxe7 Rxe7 20. Nc4 Nb6 21. Ne5 Nd5 22. Bxd5 exd5 23. b4 a6 24. Rc5 Rc7 25. Rfc1 Rac8 26. b5 axb5 27. axb5 Be8 28. b6 Re7 29. Ra1 g5 30. f4 h6 31. Kf2 Kg7 32. Ra7 Kf6 33. Rc1 Bf7 34. Nd3 Be6 35. Nc5 Rb8 36. Rca1 g4 37. Ra8 Ree8 38. Rxb8 Rxb8 39. Ra7 Bc8 40. Ke2 Ke7 41. Na6 1-0

[Event "ChessOrg Schachfestival 2025"]
[Site "Bad Woerishofen Senioren-Open"]
[Date "2025.03.21"]
[Round "1.35"]
[White "Kievelitz, Bernd"]
[Black "Heller, Achim"]
[Result "1/2-1/2"]
[Annotator "wempe"]
[WhiteElo "1814"]
[BlackElo "2033"]
[PlyCount "94"]
[GameId "2236525791735888"]
[EventDate "2025.03.21"]

1. Nf3 d5 2. d4 Nf6 3. c4 e6 4. Nc3 Be7 5. Bf4 O-O 6. e3 b6 7. cxd5 Nxd5 8. Bg3 Nxc3 9. bxc3 c5 10. Be2 Bb7 11. O-O Nd7 12. Qb3 Qc8 13. Rfd1 Rd8 14. Rac1 Be4 15. Nd2 Bc6 16. Bf3 Bxf3 17. Nxf3 Qb7 18. c4 cxd4 19. exd4 Rac8 20. Ne5 Nxe5 21. Bxe5 Bd6 22. c5 Bxe5 23. dxe5 Qc7 24. Rxd8+ Rxd8 25. c6 Rd5 26. f4 g6 27. Qa3 Rd8 28. Qb4 Rd5 29. Qd6 Qc8 30. Qe7 Qd8 31. Qxa7 Rd1+ 32. Rxd1 Qxd1+ 33. Kf2 Qd2+ 34. Kf3 Qd5+ 35. Kf2 Qxc6 36. Qb8+ Kg7 37. Qd8 Qc2+ 38. Kf3 Qc6+ 39. Kf2 b5 40. Qf6+ Kg8 41. Qd8+ Kg7 42. Qf6+ Kf8 43. Qh8+ Ke7 44. Qf6+ Ke8 45. Qh8+ Ke7 46. Qf6+ Ke8 47. Qh8+ Ke7 1/2-1/2

[Event "ChessOrg Schachfestival 2025"]
[Site "Bad Woerishofen Senioren-Open"]
[Date "2025.03.21"]
[Round "1.36"]
[White "Weinwurm, Wolfgang"]
[Black "Di Lazzaro, Gabriele"]
[Result "1-0"]
[Annotator "wempe"]
[WhiteElo "2032"]
[BlackElo "1813"]
[PlyCount "47"]
[GameId "2236526462918745"]
[EventDate "2025.03.21"]

1. e4 c5 2. Nf3 e6 3. d4 cxd4 4. Nxd4 Nf6 5. Nc3 d6 6. g4 h6 7. Rg1 a6 8. h4 Be7 9. g5 hxg5 10. hxg5 Ng8 11. Be2 g6 12. Be3 Bd7 13. Qd2 Nc6 14. O-O-O Qc7 15. f4 O-O-O 16. Kb1 Bf8 17. f5 gxf5 18. g6 fxg6 19. Rxg6 fxe4 20. Nxe6 Bxe6 21. Rxe6 Be7 22. Nd5 Qb8 23. Bg4 Ne5 24. Rxe7+ 1-0

[Event "ChessOrg Schachfestival 2025"]
[Site "Bad Woerishofen Senioren-Open"]
[Date "2025.03.21"]
[Round "1.37"]
[White "Klimpel, Siegfried"]
[Black "Keller, Harald"]
[Result "0-1"]
[Annotator "wempe"]
[WhiteElo "1807"]
[BlackElo "2021"]
[PlyCount "42"]
[GameId "2236527024373858"]
[EventDate "2025.03.21"]

1. e4 Nf6 2. e5 Nd5 3. Nc3 Nxc3 4. dxc3 d5 5. Be3 g6 6. Qd2 Bg7 7. Nf3 O-O 8. Bh6 Be6 9. Bxg7 Kxg7 10. Ng5 Qd7 11. Be2 h6 12. Nxe6+ Qxe6 13. O-O-O Rd8 14. f4 Nc6 15. g4 d4 16. c4 b5 17. b3 d3 18. cxd3 bxc4 19. Qc3 Nd4 20. Rde1 cxb3 21. f5 Qxe5 0-1

[Event "ChessOrg Schachfestival 2025"]
[Site "Bad Woerishofen Senioren-Open"]
[Date "2025.03.21"]
[Round "1.38"]
[White "Larem, Ewald"]
[Black "Kurpiela, Franz"]
[Result "1/2-1/2"]
[Annotator "wempe"]
[WhiteElo "2019"]
[BlackElo "1803"]
[PlyCount "65"]
[GameId "2236529762431093"]
[EventDate "2025.03.21"]

1. d4 Nf6 2. c4 e6 3. Nc3 Bb4 4. Qc2 d5 5. Nf3 Ne4 6. e3 Bxc3+ 7. bxc3 O-O 8. Bd3 f5 9. a4 b6 10. cxd5 exd5 11. O-O Ba6 12. Ba3 Rf6 13. c4 c6 14. Rac1 Nd7 15. cxd5 Bxd3 16. Qxd3 cxd5 17. Qb5 Nf8 18. Rc2 f4 19. Rfc1 fxe3 20. fxe3 g5 21. Rc7 Rf5 22. Ne5 a6 23. Qc6 Nd2 24. Be7 Qe8 25. Qxd5+ Kh8 26. Bxf8 Qxf8 27. Nf7+ Rxf7 28. Rxf7 Qe8 29. Qxg5 Qxf7 30. Qe5+ Kg8 31. Qg5+ Kf8 32. Qh6+ Kg8 33. Qg5+ 1/2-1/2

[Event "ChessOrg Schachfestival 2025"]
[Site "Bad Woerishofen Senioren-Open"]
[Date "2025.03.21"]
[Round "1.39"]
[White "Hansch, Klaus-Michael"]
[Black "Waltenberger, Udo"]
[Result "0-1"]
[Annotator "wempe"]
[WhiteElo "1802"]
[BlackElo "2019"]
[PlyCount "72"]
[GameId "2236884090179688"]
[EventDate "2025.03.21"]

1. d4 Nf6 2. Nc3 d5 3. Bg5 g6 4. Nf3 Bg7 5. e3 O-O 6. Be2 c5 7. O-O cxd4 8. exd4 Nc6 9. h3 b6 10. Re1 Bb7 11. Bf1 Re8 12. Ne2 Ne4 13. Be3 Rc8 14. c3 Na5 15. Bf4 Nc4 16. Rb1 f6 17. Ng3 e5 18. dxe5 Nxe5 19. Nxe4 Nxf3+ 20. Qxf3 dxe4 21. Qg3 g5 22. Be3 Qc7 23. Qxc7 Rxc7 24. Rbd1 a6 25. Rd2 f5 26. Red1 f4 27. Bd4 Rd8 28. Bxg7 Rxd2 29. Rxd2 Kxg7 30. Bc4 e3 31. fxe3 fxe3 32. Rd8 Rxc4 33. Rd7+ Kf6 34. Rxb7 Rf4 35. Rb8 Ke7 36. Rc8 e2 0-1

[Event "ChessOrg Schachfestival 2025"]
[Site "Bad Woerishofen Senioren-Open"]
[Date "2025.03.21"]
[Round "1.40"]
[White "Wegemund, Hubert"]
[Black "Sakowski, Christian"]
[Result "1-0"]
[Annotator "wempe"]
[WhiteElo "2018"]
[BlackElo "1796"]
[PlyCount "31"]
[GameId "2236885345480838"]
[EventDate "2025.03.21"]

1. e4 c6 2. d4 d5 3. Nc3 dxe4 4. Nxe4 Bf5 5. Ng3 Bg6 6. h4 h6 7. Bc4 e6 8. N1e2 Nf6 9. Nf4 Bh7 10. O-O Nd5 11. Bxd5 cxd5 12. Qh5 Qf6 13. Re1 Kd7 14. Nxd5 exd5 15. Qxd5+ Kc7 16. Re8 1-0

[Event "ChessOrg Schachfestival 2025"]
[Site "Bad Woerishofen Senioren-Open"]
[Date "2025.03.21"]
[Round "1.41"]
[White "Bjorgvik, Jan Arne"]
[Black "Matzat, Andre"]
[Result "0-1"]
[Annotator "wempe"]
[WhiteElo "1794"]
[BlackElo "2017"]
[PlyCount "120"]
[GameId "2236886692749455"]
[EventDate "2025.03.21"]

1. e4 c5 2. Nf3 e6 3. c3 Nf6 4. d3 Nc6 5. Be2 d5 6. exd5 exd5 7. O-O Be7 8. Re1 O-O 9. h3 Re8 10. Bg5 h6 11. Bxf6 Bxf6 12. Nbd2 Bf5 13. Nf1 d4 14. c4 Be7 15. Ng3 Bg6 16. Nd2 Bd6 17. Nde4 Qc7 18. Nxd6 Qxd6 19. Qd2 Ne5 20. f4 Nc6 21. Bf3 Qd7 22. Be4 Bxe4 23. Rxe4 Rxe4 24. Nxe4 b6 25. Re1 Ne7 26. g4 f5 27. Nf2 Rf8 28. Qe2 Ng6 29. gxf5 Nxf4 30. Qg4 Qxf5 31. Qxf5 Rxf5 32. Re7 Rf7 33. Re4 g5 34. Kh2 Kf8 35. Kg3 Re7 36. Rxe7 Kxe7 37. h4 Kf6 38. Kg4 h5+ 39. Kg3 Kf5 40. hxg5 Ne6 41. Ne4 Nxg5 42. Nd6+ Ke5 43. Nc8 h4+ 44. Kg4 h3 45. Kg3 h2 46. Kxh2 Kf4 47. Nxa7 Ke3 48. Nc8 Kxd3 49. Nxb6 Ne6 50. a4 Kc2 51. a5 Nc7 52. Na4 d3 53. Kg3 d2 54. Nc3 Kxb2 55. Nd1+ Kc1 56. Ne3 d1=Q 57. Nxd1 Kxd1 58. Kf4 Kd2 59. Ke5 Kc3 60. Kd6 Na6 0-1

[Event "ChessOrg Schachfestival 2025"]
[Site "Bad Woerishofen Senioren-Open"]
[Date "2025.03.21"]
[Round "1.42"]
[White "Neese, Hans-Joachim"]
[Black "Schestak, Herbert"]
[Result "1/2-1/2"]
[Annotator "wempe"]
[WhiteElo "2015"]
[BlackElo "1793"]
[PlyCount "106"]
[GameId "2236886726475928"]
[EventDate "2025.03.21"]

1. d4 d5 2. Nf3 Nf6 3. c4 e6 4. Nc3 c5 5. Bg5 cxd4 6. Nxd4 Be7 7. e3 O-O 8. cxd5 Nxd5 9. Bxe7 Nxe7 10. Be2 Nbc6 11. Nxc6 Nxc6 12. O-O b6 13. Bf3 Bb7 14. Qa4 Na5 15. Rfd1 Qg5 16. Bxb7 Nxb7 17. Ne4 Nc5 18. Nxc5 Qxc5 19. Rac1 Qe5 20. Qd4 Qxd4 21. Rxd4 Rfd8 22. Rdc4 Kf8 23. Kf1 Rd2 24. R4c2 Rxc2 25. Rxc2 Ke7 26. Rc7+ Kf6 27. Ke2 a6 28. Rb7 b5 29. Rb6 Ra7 30. f4 Kf5 31. Kf3 h5 32. h3 g6 33. e4+ Kf6 34. g4 hxg4+ 35. hxg4 Kg7 36. b3 Kf6 37. e5+ Kg7 38. Kg3 Kh7 39. Kh4 Kh6 40. f5 exf5 41. gxf5 Re7 42. fxg6 fxg6 43. e6 g5+ 44. Kg4 Kg6 45. Rxa6 Kf6 46. Rb6 Ra7 47. Rxb5 Rxa2 48. Rb6 Re2 49. e7+ Kxe7 50. Kxg5 Kd7 51. Kf4 Kc7 52. Rh6 Kb7 53. Rg6 Re1 1/2-1/2

[Event "ChessOrg Schachfestival 2025"]
[Site "Bad Woerishofen Senioren-Open"]
[Date "2025.03.21"]
[Round "1.43"]
[White "Mayer, Dietmar"]
[Black "Scholl, Martin"]
[Result "0-1"]
[Annotator "wempe"]
[WhiteElo "1792"]
[BlackElo "2015"]
[PlyCount "98"]
[GameId "2236887889879201"]
[EventDate "2025.03.21"]

1. d4 Nf6 2. Nc3 d5 3. Bf4 c6 4. e3 Bf5 5. Nf3 e6 6. Ne5 Be7 7. g4 Bg6 8. h4 Ne4 9. h5 Nxc3 10. bxc3 Be4 11. f3 f6 12. fxe4 fxe5 13. Bxe5 Bh4+ 14. Kd2 O-O 15. exd5 exd5 16. Bd3 Rf2+ 17. Kc1 Bg5 18. Bxh7+ Kxh7 19. Qd3+ Kg8 20. h6 gxh6 21. Qg6+ Kf8 22. Bd6+ Qxd6 23. Qxd6+ Kg7 24. Qe5+ Kg6 25. Rb1 Nd7 26. Qd6+ Nf6 27. Rxb7 Bxe3+ 28. Kb2 Rh8 29. Qe7 Rh7 30. Qxe3 Rxb7+ 31. Kc1 Nxg4 32. Qg3 h5 33. Qd3+ Kg5 34. Rf1 Rbf7 35. Rxf2 Rxf2 36. Qh7 Rf6 37. Qg7+ Kf4 38. Qxa7 h4 39. Qc7+ Kf3 40. Qh7 Kg3 41. Qe7 h3 42. Qe1+ Rf2 43. Qg1+ Rg2 44. Qe1+ Kf3 45. Qd1+ Re2 46. Qh1+ Kg3 47. Qg1+ Kh4 48. Kd1 h2 49. Qf1 Ne3+ 0-1

[Event "ChessOrg Schachfestival 2025"]
[Site "Bad Woerishofen Senioren-Open"]
[Date "2025.03.21"]
[Round "1.44"]
[White "Astengo, Corrado"]
[Black "Kelemen, Norbert"]
[Result "1-0"]
[Annotator "wempe"]
[WhiteElo "2013"]
[BlackElo "1788"]
[PlyCount "47"]
[GameId "2236890466885802"]
[EventDate "2025.03.21"]

1. e4 c5 2. Nf3 Nc6 3. d4 cxd4 4. Nxd4 g6 5. Nc3 Bg7 6. Be3 d6 7. Qd2 Nf6 8. f3 Nxd4 9. Bxd4 O-O 10. Bc4 a6 11. O-O-O Qc7 12. Bb3 Bd7 13. Bxf6 Bxf6 14. Nd5 Qd8 15. Nxf6+ exf6 16. Qxd6 Bc6 17. h4 h5 18. Qg3 Qe7 19. Qxg6+ Kh8 20. Qxh5+ Kg7 21. Rh3 Qe5 22. Qxe5 fxe5 23. f4 f6 24. Rh2 1-0

[Event "ChessOrg Schachfestival 2025"]
[Site "Bad Woerishofen Senioren-Open"]
[Date "2025.03.21"]
[Round "1.45"]
[White "Rothenhagen, Siegfried"]
[Black "Hinz, Holger"]
[Result "1/2-1/2"]
[Annotator "wempe"]
[WhiteElo "1788"]
[BlackElo "2006"]
[PlyCount "126"]
[GameId "2236890995450035"]
[EventDate "2025.03.21"]

1. d4 Nf6 2. Nf3 g6 3. e3 Bg7 4. Bd3 d6 5. b3 O-O 6. Bb2 Nfd7 7. Nbd2 e5 8. O-O Nc6 9. a3 h6 10. Rc1 f5 11. dxe5 dxe5 12. e4 f4 13. Bc4+ Kh7 14. Bd5 g5 15. Be6 Qe7 16. Bf5+ Kh8 17. h3 Nb6 18. Bxc8 Raxc8 19. Nh2 Rcd8 20. c3 Rd3 21. Qe2 Rfd8 22. Rc2 Qd6 23. Bc1 Qg6 24. f3 h5 25. Kh1 Re3 26. Qf2 Qe6 27. g4 h4 28. b4 Red3 29. Re1 Nc4 30. Nxc4 Qxc4 31. Bb2 Bf8 32. Ree2 a5 33. Red2 b5 34. Nf1 Be7 35. Rxd3 Rxd3 36. Rd2 Rxd2 37. Nxd2 Qd3 38. Nf1 Kg7 39. Kg2 Kf6 40. Qd2 Qd6 41. Qe2 axb4 42. axb4 Na7 43. Qf2 Nc8 44. Qe2 Qc6 45. Nd2 Nb6 46. Kf1 Na4 47. Nb1 Qd7 48. Ke1 c6 49. Ba1 Qa7 50. Qf2 Qd7 51. Qd2 Qe6 52. Qc2 c5 53. bxc5 Bxc5 54. Nd2 Nb6 55. Qb3 Qxb3 56. Nxb3 Be3 57. Na5 Bc5 58. Nb3 Ba3 59. Nd2 Ke6 60. Ke2 Kd6 61. Kd3 Na4 62. Kc2 Kc6 63. c4 Bd6 1/2-1/2

[Event "ChessOrg Schachfestival 2025"]
[Site "Bad Woerishofen Senioren-Open"]
[Date "2025.03.21"]
[Round "1.46"]
[White "Hehn, Hartmut"]
[Black "Kumeth, Hartmut"]
[Result "1/2-1/2"]
[Annotator "wempe"]
[WhiteElo "2004"]
[BlackElo "1785"]
[PlyCount "78"]
[GameId "2236892886896828"]
[EventDate "2025.03.21"]

1. e4 Nc6 2. d4 d5 3. e5 Bf5 4. c3 e6 5. Nf3 h6 6. Nbd2 g5 7. h3 Nge7 8. a4 Bg7 9. Be2 O-O 10. Nf1 f6 11. exf6 Bxf6 12. Ng3 Bg6 13. Bd3 Qe8 14. O-O Qf7 15. Re1 Bxd3 16. Qxd3 Rae8 17. b4 Bg7 18. b5 Na5 19. Qe2 e5 20. dxe5 Nc4 21. e6 Qg6 22. Nd4 Bxd4 23. cxd4 Nf5 24. Nxf5 Qxf5 25. Ra2 Rf6 26. e7 Rf7 27. Ba3 Nxa3 28. Rxa3 Rfxe7 29. Qxe7 Rxe7 30. Rxe7 Qb1+ 31. Kh2 Qb2 32. Rf3 Qxd4 33. Rff7 c6 34. Rxb7 cxb5 35. axb5 Qc5 36. Rfd7 Qf8 37. Rxd5 Qf4+ 38. Kg1 Qc1+ 39. Kh2 Qf4+ 1/2-1/2

[Event "ChessOrg Schachfestival 2025"]
[Site "Bad Woerishofen Senioren-Open"]
[Date "2025.03.21"]
[Round "1.47"]
[White "Bauer, Dieter"]
[Black "Scharrer, Udo"]
[Result "1/2-1/2"]
[Annotator "wempe"]
[WhiteElo "1781"]
[BlackElo "2003"]
[PlyCount "65"]
[GameId "2236893669707973"]
[EventDate "2025.03.21"]

1. c4 Nf6 2. g3 g6 3. Bg2 Bg7 4. e4 d6 5. Ne2 c5 6. O-O Nc6 7. h3 O-O 8. Nbc3 Bd7 9. d3 Ne8 10. f4 Nc7 11. f5 Rb8 12. a4 a6 13. Kh1 b5 14. axb5 axb5 15. g4 Ne5 16. cxb5 Nxb5 17. g5 Nc7 18. Ra2 f6 19. gxf6 Bxf6 20. fxg6 Nxg6 21. Nd5 Nxd5 22. exd5 Qc8 23. Ng1 Rb4 24. Be4 Bxh3 25. Rf2 Bg4 26. Qf1 Bd4 27. Rxf8+ Qxf8 28. Qg2 Bf5 29. Ra8 Qxa8 30. Bxf5 Qe8 31. Nf3 Bf6 32. Qh3 Ra4 33. Bd7 1/2-1/2

[Event "ChessOrg Schachfestival 2025"]
[Site "Bad Woerishofen Senioren-Open"]
[Date "2025.03.21"]
[Round "1.48"]
[White "Schiffer, Steve"]
[Black "Cosan, Gokmen"]
[Result "1/2-1/2"]
[Annotator "wempe"]
[WhiteElo "2003"]
[BlackElo "1781"]
[PlyCount "93"]
[GameId "2236894799806750"]
[EventDate "2025.03.21"]

1. e4 c6 2. d4 d5 3. Nc3 dxe4 4. Nxe4 Nf6 5. Ng3 c5 6. Be3 cxd4 7. Bxd4 Nc6 8. Bc3 Qb6 9. Bc4 Bg4 10. N1e2 Rd8 11. Qc1 Bxe2 12. Bxe2 Nd5 13. Bd2 e6 14. O-O Be7 15. c4 Nf6 16. Bc3 O-O 17. b3 Nd4 18. Bd1 Bb4 19. a3 Bxc3 20. Qxc3 Qc6 21. Qe3 a5 22. Rc1 b6 23. Re1 Rfe8 24. b4 e5 25. Qc3 axb4 26. axb4 Rc8 27. Qb2 Qe6 28. Bb3 Nxb3 29. Qxb3 b5 30. Ne4 Nxe4 31. Rxe4 f5 32. Rh4 e4 33. Qh3 Rxc4 34. Rxc4 Qxc4 35. g3 Qc1+ 36. Kg2 e3 37. Qxf5 Qc6+ 38. f3 g6 39. Qb1 Qc3 40. Re4 Rxe4 41. Qxe4 Qd2+ 42. Kh3 Qd7+ 43. g4 Qd2 44. Qe8+ Kg7 45. Qe7+ Kg8 46. f4 e2 47. Qe8+ 1/2-1/2

[Event "ChessOrg Schachfestival 2025"]
[Site "Bad Woerishofen Senioren-Open"]
[Date "2025.03.21"]
[Round "1.49"]
[White "Schnell, Franz"]
[Black "Zunker, Reinhard"]
[Result "0-1"]
[Annotator "wempe"]
[WhiteElo "1779"]
[BlackElo "1995"]
[PlyCount "52"]
[GameId "2236897766465977"]
[EventDate "2025.03.21"]

1. d4 Nf6 2. Bf4 d6 3. e3 a6 4. Nf3 c5 5. c3 Nbd7 6. h3 b5 7. Nbd2 Bb7 8. Qc2 Rc8 9. Bh2 g6 10. Qb3 Qb6 11. Be2 Bg7 12. O-O O-O 13. Rac1 cxd4 14. cxd4 Bd5 15. Qa3 Rc6 16. Rxc6 Qxc6 17. b3 Rc8 18. Bg3 Nh5 19. Bh4 Bf8 20. Qb2 Qc2 21. Qb1 Bxf3 22. Qe1 Bxe2 23. Qxe2 Qxa2 24. Qd3 Qc2 25. Qe2 Nhf6 26. f3 Nd5 0-1

[Event "ChessOrg Schachfestival 2025"]
[Site "Bad Woerishofen Senioren-Open"]
[Date "2025.03.21"]
[Round "1.50"]
[White "Roettinger, Eugen"]
[Black "Wenske, Hardy"]
[Result "1-0"]
[Annotator "wempe"]
[WhiteElo "1995"]
[BlackElo "1779"]
[PlyCount "105"]
[GameId "2236898325705335"]
[EventDate "2025.03.21"]

1. d4 d5 2. Bf4 Nf6 3. e3 c6 4. Nd2 e6 5. Ngf3 Nbd7 6. Ne5 Be7 7. Bd3 Qb6 8. Rb1 g6 9. h3 Nxe5 10. Bxe5 Qd8 11. Qf3 O-O 12. Bf4 Nd7 13. Bh6 Re8 14. e4 Bg5 15. Bxg5 Qxg5 16. e5 Qe7 17. h4 f5 18. g4 Nf8 19. g5 Qg7 20. Qe3 Re7 21. Ke2 Bd7 22. c4 Be8 23. c5 Rc7 24. b4 a6 25. a4 Rb8 26. b5 axb5 27. axb5 Rbc8 28. b6 Rd7 29. Ra1 Rdd8 30. Ra7 Rd7 31. Nb3 Qe7 32. Rha1 Rb8 33. Ra8 Qd8 34. Rxb8 Qxb8 35. Ra7 Qc8 36. Qd2 Qd8 37. Na5 Qe7 38. f4 Kg7 39. Qb4 Qf7 40. Nxc6 bxc6 41. b7 Rc7 42. Qb6 Re7 43. b8=Q Nd7 44. Rxd7 Bxd7 45. Q6d8 Re8 46. Qf6+ Kg8 47. Qxf7+ Kxf7 48. Qd6 Re7 49. Ba6 Be8 50. Bc8 Kf8 51. Bxe6 Bf7 52. Bxf7 Kxf7 53. Qxc6 1-0

[Event "ChessOrg Schachfestival 2025"]
[Site "Bad Woerishofen Senioren-Open"]
[Date "2025.03.21"]
[Round "1.51"]
[White "Huber, Helmut"]
[Black "Schwalb, Manfred"]
[Result "0-1"]
[Annotator "wempe"]
[WhiteElo "1772"]
[BlackElo "1988"]
[PlyCount "82"]
[GameId "2237632935764004"]
[EventDate "2025.03.21"]

1. d4 Nf6 2. Nf3 g6 3. c4 Bg7 4. Nc3 d6 5. e4 O-O 6. Be2 Nbd7 7. O-O e5 8. Bg5 h6 9. Bd2 c6 10. Rb1 Nh5 11. dxe5 dxe5 12. g3 Nc5 13. Ne1 Nf6 14. f3 Bh3 15. Ng2 Qe7 16. Be3 Rfd8 17. Qc2 Ne6 18. Rfe1 Nd4 19. Qc1 Kh7 20. b4 Rd7 21. b5 Rad8 22. bxc6 bxc6 23. Qb2 Qe6 24. Rec1 Bf8 25. Na4 Nh5 26. c5 Qf6 27. Ne1 Be6 28. Kg2 g5 29. Ba6 Be7 30. Qf2 Qg7 31. Bc4 Bxc4 32. Rxc4 Nf4+ 33. Bxf4 gxf4 34. g4 h5 35. h3 hxg4 36. hxg4 Qh6 37. Nc2 Bh4 38. Qf1 Nxc2 39. Rxc2 Rd2+ 40. Rxd2 Rxd2+ 41. Kh1 Bg3+ 0-1

[Event "ChessOrg Schachfestival 2025"]
[Site "Bad Woerishofen Senioren-Open"]
[Date "2025.03.21"]
[Round "1.52"]
[White "Stern, Robert"]
[Black "Nusser, Hans-Karl"]
[Result "1-0"]
[Annotator "wempe"]
[WhiteElo "1988"]
[BlackElo "1772"]
[PlyCount "81"]
[GameId "2237632965206083"]
[EventDate "2025.03.21"]

1. e4 c5 2. Nf3 Nc6 3. Bb5 d6 4. O-O a6 5. Bxc6+ bxc6 6. d4 cxd4 7. Nxd4 Bb7 8. Nc3 e6 9. Be3 Be7 10. a4 Nf6 11. f3 O-O 12. a5 c5 13. Nb3 Nd7 14. Kh1 Qc7 15. Qd2 Rad8 16. Rfd1 Ne5 17. Qe2 Rfe8 18. f4 Nd7 19. Bf2 Qc6 20. Bg3 Nf6 21. Re1 d5 22. e5 Ne4 23. Nxe4 dxe4 24. Nd2 Rd7 25. Nxe4 Red8 26. Bf2 Qb5 27. b3 Qb4 28. h3 Qc3 29. Rad1 Bd5 30. Qe3 Qb4 31. Nc3 Rb7 32. Nxd5 exd5 33. Qd2 Qxd2 34. Rxd2 Rb5 35. c4 Rxb3 36. cxd5 Rdb8 37. Re3 c4 38. Rxb3 cxb3 39. d6 Bf8 40. Rb2 Rb5 41. Bb6 1-0